| 000 | 00473nam a2200169 a 4500 | ||
|---|---|---|---|
| 001 | 9654 | ||
| 005 | 20180713193652.0 | ||
| 008 | 140415s2000 mx 000 0 spa d | ||
| 041 | _aspa | ||
| 082 |
_a269.2 _bALV |
||
| 100 | 1 | _aALVEAR ACEVEDO, CARLOS | |
| 245 | 1 | 0 | _aMEDIO MILENIO DE EVANGELIZACION |
| 250 | _a1a ed. | ||
| 260 |
_aMEXICO : _bFUNDACION PRO DIFUSION CULTURAL DEL MEDIO MILENIO, _c2000 |
||
| 300 | _a93 | ||
| 650 | 1 | 4 |
_aAPOSTOLES _xEVANGELISTAS |
| 999 |
_c9654 _d9654 |
||